000 00785nam a2200241 4500
003 OSt
005 20240610084308.0
006 a
008 240610b |||||||| |||| 00| 0 eng d
020 _a139780736083676
040 _aDWCL-Main lib.
_cOC
082 _aFil. 793.307 F288d 2011
100 _aFey, Judi
245 _aDance units for middle school /
260 _aUSA :
_bHuman Kinetics,
_cc2011.
300 _axxxi,
_b160 p. : ill. ed. ;
_c28 cm.
504 _aIncludes bibliographical references.
650 _a1. Dance – Study and teaching (middle school) – United States.
650 _a2. Dance – study and teaching (Secondary) – United States.
650 _a3. Dance – Curricula – United States.
700 _aJudi Fey
942 _2ddc
_n0
_cBK-CIRC
_kCirc.
999 _c494
_d494